000
00295nam a22001337a 4500
008
170907b xxu||||| |||| 00| 0 eng d
020
_a
0835966380
041
_a
eng
080
_a
72
100
_a
41
101
_a
ARK
245
_a
REINFORCED CONCRETE STRUCTURES
_c
WYNNE,G.B
942
_2
udc
_c
BK
999
_c
26429
_d
26429